Capital cities that end in IA - Statistics

General Stats
  • This quiz has been taken 75 times
  • The average score is 5 of 8
Answer Stats
Capital City % Correct
Brasilia
90%
Apia
79%
Pretoria
70%
Sofia
70%
Monrovia
67%
Praia
63%
Victoria
48%
Nicosia
44%
No matching quizzes found
Score Distribution
Percent of People with Each Score
Percentile by Number Answered
Your Score History
You have not taken this quiz